01032pab a2200133 454500008004000000100001800040245006300058260000900121300001300130362001200143520070200155650001800857773002300875180718b2012 xxu||||| |||| 00| 0 eng d aGautam, Richa aGlobalization and governance: Changing nature of the state c2012 ap.74-82. aJul-Dec aThis paper tries to show that globalisation and governance with their imperfections has to be combined in a way that it leads to peace, harmony and prosperity, just as the lame and blind can move forward happily with lame telling the right path and blind moving ahead. State becomes an important actor when we consider governance. The article shows that though the nature of state is changing from being interventionist to minimal interference yet the role of state as the driving agent of globalisation cannot be undermined. The only solution to mismanaged globalisation is good governance wherein the state through good governance can make a perfect combination with globalisation. - Reproduced. aGlobalization aReview of Politics